Männer von hinten : "Rück-Sichten" : 30 Fotografen 1970 - 1995 / Bd. 2,

Gorde:
Xehetasun bibliografikoak
Egile nagusia: Janssen, Volker
Formatua: Liburua
Hizkuntza:ingelesa
Argitaratua: Berlin Janssen Verlag 1995
Etiketak: Etiketa erantsi
Etiketarik gabe, Izan zaitez lehena erregistro honi etiketa jartzen!

MARC

LEADER 00000nam a2200000 4500
001 CDOM0000003962
003 mi
005 20251017194029.0
008 251017b |||||||| |||| 00| 0 eng d
020 |a 3925443428 
020 |a 9783925443428 
040 |c mi 
100 |a Janssen, Volker 
245 1 |a Männer von hinten :  |n Bd. 2,  |b "Rück-Sichten" : 30 Fotografen 1970 - 1995 /  |c a cura di Volker Janssen 
260 |a Berlin  |b Janssen Verlag  |c 1995 
300 |a 18 p.  |b fot.  |c 27,9 cm. 
942 |2 ddc  |c BK 
952 |0 0  |1 0  |2 ddc  |4 0  |6 B_AFT02JANVOMAN11  |7 0  |9 7120  |a MI  |b MI  |d 2009-10-12  |i 5707  |l 0  |o B-AFT02-JANVO-MAN11  |p CDOM5707  |r 2025-07-13 16:28:00  |w 2025-07-13  |x ACQUISTO  |y BK 
999 |c 5821  |d 5821